Bizet

I tiakina i:
Ngā taipitopito rārangi puna kōrero
Kaituhi matua: Landormy, Paul (Author)
Hōputu: Pukapuka
Reo:Pāniora
I whakaputaina: Buenos Aires Grandes Biografias 1944
Ngā marau:
Ngā Tūtohu: Tāpirihia he Tūtohu
Kāore He Tūtohu, Me noho koe te mea tuatahi ki te tūtohu i tēnei pūkete!

MARC

LEADER 00000nam a2200000 a 4500
001 UCN1219
003 CL-VaPUC
008 010420e19440000AG |||||||||||||||||spa|d
082 0 4 |a 780.92  |b LAN  |2 21 
100 |a Landormy, Paul  |e author  |9 459394 
245 1 0 |a Bizet 
300 |a 186 p 
942 |c BK 
945 |d 20010420 00:00:00  |a crobeson 
260 |a Buenos Aires  |b Grandes Biografias  |c 1944 
600 0 |a Bizet, Georges  |9 306283 
650 0 |a Compositores franceses  |9 328980 
650 0 |a Ópera francesa  |9 306298 
583 |a last modification  |c 20010420 00:00:00  |k Rodrigo Vera 
999 |c 294794  |d 294792 
952 |0 0  |1 0  |4 0  |6 780_920000000000000_LAN_1944  |7 0  |8 A  |9 347522  |a BIBEDU  |b BIBEDU  |d 2019-11-20  |i 1249495  |o 780.92 LAN 1944  |p 1249495  |r 2023-01-12  |w 2019-11-20  |y BK  |k MUS 
952 |0 0  |1 0  |4 0  |6 780_920000000000000_LAN_1944  |7 0  |8 A  |9 347523  |a BIBEDU  |b BIBEDU  |d 2019-11-20  |i 1249533  |o 780.92 LAN 1944  |p 1249533  |r 2023-01-12  |w 2019-11-20  |y BK  |k MUS